| 000 | 00441nam a2200169 a 4500 | ||
|---|---|---|---|
| 001 | 2502 | ||
| 003 | CDMR | ||
| 005 | 20130314163720.0 | ||
| 008 | 130130s1993||||||||||||||||||||||||||||d | ||
| 020 | _a8480560606 | ||
| 040 |
_aCDMR _bcat _cCDMR |
||
| 100 | 1 |
_aSalmerón, Gorka _91878 |
|
| 245 | 1 | 0 |
_aLeaxpi industri paisaiak _cGorka Salmeron |
| 260 |
_aBilbao _c1993 _bBilbao Bizkaia Kutxa |
||
| 500 | _aCatàleg de l'exposició | ||
| 942 |
_cMON _2udc |
||
| 999 |
_c2502 _d2502 |
||